[Event "SR 4. liga A21 2017/2018"]
[Site "?"]
[Date "2017.11.12"]
[Round "4.3"]
[White "Benak, Peter"]
[Black "Kastler, Peter"]
[Result "0-1"]
[WhiteElo "1602"]
[BlackElo "1724"]
[PlyCount "93"]
[EventDate "2017.??.??"]

1. e4 e6 2. d4 d5 3. exd5 exd5 4. Nf3 Nf6 5. Bg5 Be7 6. Be2 O-O 7. O-O Bg4 8.
Nbd2 Nbd7 9. Re1 Re8 10. c3 Rc8 11. Ne5 Bxe2 12. Rxe2 Nxe5 13. Rxe5 Ne4 14.
Bxe7 Rxe7 15. Rxe7 Qxe7 16. Qe2 Re8 17. Re1 Kf8 18. Kf1 Nxd2+ 19. Qxd2 Qd7 20.
f3 h6 21. g4 Rxe1+ 22. Qxe1 Qd6 23. Kg2 f6 24. Qe3 Kf7 25. h4 Qe6 26. Qxe6+
Kxe6 27. f4 g6 28. Kf3 h5 29. f5+ Kf7 30. Kf4 c6 31. g5 a5 32. gxf6 Kxf6 33.
fxg6 Kxg6 34. Ke5 a4 35. b3 axb3 36. axb3 b6 37. c4 dxc4 38. bxc4 b5 39. cxb5
cxb5 40. d5 b4 41. Ke6 b3 42. d6 b2 43. d7 b1=Q 44. d8=Q Qe1+ 45. Kd7 Qd2+ 46.
Ke7 Qxd8+ 47. Kxd8 0-1

[Event "SR 4. liga A21 2017/2018"]
[Site "?"]
[Date "2017.11.12"]
[Round "4.3"]
[White "Papanek, Lubomir"]
[Black "Datko, Jan"]
[Result "1/2-1/2"]
[WhiteElo "1621"]
[BlackElo "1189"]
[PlyCount "82"]
[EventDate "2017.??.??"]

1. e4 e5 2. Nf3 Nc6 3. d4 exd4 4. Bc4 Be7 5. O-O d6 6. Nxd4 Nxd4 7. Qxd4 Nf6 8.
Nc3 O-O 9. Bg5 c5 10. Qd1 Be6 11. Bxe6 fxe6 12. Qe2 h6 13. Be3 e5 14. f3 a6 15.
Rfd1 b5 16. Bxc5 Qc7 17. Bf2 Rac8 18. Rac1 Qc4 19. Qxc4+ Rxc4 20. Nd5 Nxd5 21.
Rxd5 Rd8 22. Be3 Re8 23. Rd2 a5 24. c3 b4 25. Rcc2 a4 26. b3 axb3 27. axb3 Rxc3
28. Rxc3 bxc3 29. Rc2 Kf7 30. Bf2 Bd8 31. Be1 Bb6+ 32. Kf1 Bd4 33. Ke2 Rb8 34.
Kd3 Rxb3 35. Bxc3 Ke6 36. Kc4 Rxc3+ 37. Rxc3 Bxc3 38. Kxc3 d5 39. exd5+ Kxd5
40. Kd3 g6 41. Ke3 h5 1/2-1/2

[Event "SR 4. liga A21 2017/2018"]
[Site "?"]
[Date "2017.11.12"]
[Round "4.4"]
[White "Sturdik, Igor"]
[Black "Moravec, Milan"]
[Result "1-0"]
[WhiteElo "1963"]
[BlackElo "1660"]
[PlyCount "43"]
[EventDate "2017.??.??"]

1. e4 e6 2. d4 d5 3. Nc3 dxe4 4. Nxe4 Nd7 5. Nf3 Ngf6 6. Bg5 Be7 7. Nxf6+ Nxf6
8. Bd3 O-O 9. Qe2 b6 10. Bxf6 Bxf6 11. Qe4 g6 12. Qxa8 Bxd4 13. Nxd4 Qxd4 14.
O-O-O Qxf2 15. Qxa7 Qf4+ 16. Kb1 Rd8 17. g3 Qe5 18. Rhe1 Qc5 19. Qa3 Qh5 20.
Qe7 Qd5 21. Be2 Rd7 22. Qe8+ 1-0

[Event "SR 4. liga A21 2017/2018"]
[Site "?"]
[Date "2017.11.12"]
[Round "4.4"]
[White "Cerovsky, Marian"]
[Black "Valach, Peter"]
[Result "1-0"]
[WhiteElo "1795"]
[BlackElo "1760"]
[PlyCount "59"]
[EventDate "2017.??.??"]

1. e4 c5 2. Nf3 d6 3. Bc4 Nf6 4. d3 e6 5. a4 a6 6. O-O Be7 7. Nc3 Nc6 8. h3 O-O
9. Ne2 Bd7 10. Ng3 Qc7 11. Nh2 d5 12. Ba2 Nb4 13. Bb1 c4 14. exd5 Nbxd5 15. c3
Bd6 16. dxc4 Qxc4 17. Nh5 Nxh5 18. Qxh5 Nf6 19. Qd1 Qc7 20. Ng4 Nd5 21. Qd3 g6
22. Bh6 Rfc8 23. Qd4 Bf8 24. Ba2 e5 25. Qxd5 Bxg4 26. Bxf8 Be6 27. Qd6 Bxa2 28.
Rxa2 Qc4 29. Bh6 Rc6 30. Qa3 1-0

[Event "SR 4. liga A21 2017/2018"]
[Site "?"]
[Date "2017.11.12"]
[Round "4.4"]
[White "Karel, Jozef"]
[Black "Dubecky, Ladislav"]
[Result "0-1"]
[WhiteElo "1710"]
[BlackElo "1620"]
[PlyCount "62"]
[EventDate "2017.??.??"]

1. e4 e5 2. f4 exf4 3. Nf3 Be7 4. Bc4 Bh4+ 5. Kf1 Nh6 6. h3 d6 7. d4 Be6 8.
Bxe6 fxe6 9. Bxf4 Qf6 10. Qd2 Rf8 11. Bxh6 gxh6 12. Ke2 Nc6 13. Rf1 O-O-O 14.
Nc3 Bg3 15. Rad1 Qg6 16. Rg1 e5 17. Rdf1 exd4 18. Nxd4 Nxd4+ 19. Qxd4 Rxf1 20.
Rxf1 Be5 21. Qxa7 Bxc3 22. Qa8+ Kd7 23. Qa4+ c6 24. bxc3 Qxg2+ 25. Rf2 Qg6 26.
Qc4 Kc8 27. Ke3 Re8 28. Qd4 d5 29. e5 Qg3+ 30. Rf3 Rxe5+ 31. Kd2 Qe1+ 0-1

[Event "SR 4. liga A21 2017/2018"]
[Site "?"]
[Date "2017.11.12"]
[Round "4.4"]
[White "Damborsky, Pavol"]
[Black "Sulko, Vit"]
[Result "1/2-1/2"]
[WhiteElo "1637"]
[BlackElo "1659"]
[PlyCount "129"]
[EventDate "2017.??.??"]

1. e4 c5 2. Bc4 d6 3. Nf3 Nc6 4. a3 Nf6 5. d3 g6 6. Bg5 Bg7 7. c3 O-O 8. O-O
Bg4 9. h3 Bxf3 10. Qxf3 Ne5 11. Qe2 Nxc4 12. dxc4 Nd7 13. Nd2 Re8 14. Rfd1 Qc7
15. Be3 Nb6 16. Rac1 Qd7 17. b3 Qe6 18. f3 Nd7 19. Qf2 b6 20. Nf1 a5 21. Nd2
Ne5 22. Qf1 Rf8 23. f4 Nc6 24. f5 Qd7 25. g4 Ne5 26. Nf3 Qb7 27. Nxe5 Bxe5 28.
Qf3 Kg7 29. Rf1 f6 30. Bf4 Bxf4 31. Qxf4 g5 32. Qe3 Rh8 33. Rf3 h5 34. Rc2 hxg4
35. hxg4 Rh4 36. Rg3 Rah8 37. Rcg2 Rh1+ 38. Kf2 Ra1 39. Qe2 Rhh1 40. Rg1 Raxg1
41. Rxg1 Rh4 42. Qf3 Qc8 43. Kg2 Qh8 44. Qg3 Kf7 45. b4 axb4 46. cxb4 Qa8 47.
Qf3 cxb4 48. axb4 Qa2+ 49. Kf1 Qxc4+ 50. Qe2 Qxe2+ 51. Kxe2 Rh3 52. Rb1 Rg3 53.
Kf2 Rxg4 54. Kf3 Rh4 55. b5 Rh3+ 56. Kg4 Re3 57. Rb4 e6 58. Rd4 exf5+ 59. exf5
Re5 60. Rxd6 Rxb5 61. Rd7+ Ke8 62. Rd4 Re5 63. Rd6 b5 64. Rxf6 b4 65. Rb6
1/2-1/2

[Event "SR 4. liga A21 2017/2018"]
[Site "?"]
[Date "2017.11.12"]
[Round "4.4"]
[White "Pinkas, Jan"]
[Black "Pisecky, Jan"]
[Result "0-1"]
[WhiteElo "1516"]
[BlackElo "1322"]
[PlyCount "110"]
[EventDate "2017.??.??"]

1. e4 e5 2. Nf3 d6 3. h3 h6 4. b3 Nf6 5. Nc3 c6 6. d4 exd4 7. Nxd4 Nbd7 8. Bd3
Ne5 9. O-O g5 10. f4 Nxd3 11. cxd3 c5 12. Nf5 g4 13. hxg4 Rg8 14. g5 hxg5 15.
fxg5 Nh7 16. Qh5 Nxg5 17. Bxg5 Qxg5 18. Qxg5 Rxg5 19. Nd5 Kd8 20. Rf4 Be6 21.
Nde3 Be7 22. g4 Kd7 23. Kg2 Bf6 24. Rh1 Be5 25. Rf3 Bd4 26. Rh4 Rag8 27. Kh3
Bxe3 28. Nxe3 b5 29. Rf4 a5 30. Rf2 Kc6 31. Kg3 R8g7 32. Rc2 d5 33. exd5+ Bxd5
34. Rh6+ Be6 35. Rf6 Kd6 36. Rcf2 Ke5 37. R6f4 f5 38. Re2 Kd6 39. d4 fxg4 40.
dxc5+ Rxc5 41. Nxg4 Rc3+ 42. Kh4 Bxg4 43. Rxg4 Rxg4+ 44. Kxg4 Kc5 45. Kf4 Kb4
46. Ke4 Kc5 47. Rd2 Kb4 48. Kd4 Rc1 49. Kd3 Rc3+ 50. Kd4 Rc1 51. Kd3 Ka3 52.
Rc2 Rxc2 53. Kxc2 Kxa2 54. Kc3 Ka3 55. Kc2 b4 0-1

[Event "SR 4. liga A21 2017/2018"]
[Site "?"]
[Date "2017.11.12"]
[Round "4.5"]
[White "Curidlo, Jan"]
[Black "Valigursky, Michal"]
[Result "1-0"]
[WhiteElo "1864"]
[BlackElo "1702"]
[PlyCount "123"]
[EventDate "2017.??.??"]

1. e4 e5 2. Nf3 Nc6 3. Bb5 a6 4. Ba4 Nf6 5. d3 b5 6. Bb3 d6 7. h3 Be7 8. c3 O-O
9. Be3 Na5 10. Bc2 c5 11. O-O Qc7 12. Nbd2 Bb7 13. Re1 Rac8 14. Rc1 c4 15. d4
Nd7 16. Nf1 f5 17. Bg5 fxe4 18. Bxe7 exf3 19. Bxf8 Rxf8 20. Ng3 fxg2 21. Be4 d5
22. Bxg2 e4 23. Qd2 Nf6 24. Re2 Bc8 25. Rce1 Be6 26. Qg5 h6 27. Qe3 Qd7 28. Kh2
Nc6 29. f3 Ne7 30. fxe4 dxe4 31. Nxe4 Ned5 32. Nxf6+ Rxf6 33. Bxd5 Bxd5 34.
Qe8+ Qxe8 35. Rxe8+ Kh7 36. R8e5 Rf2+ 37. Kg3 Rg2+ 38. Kf4 Rf2+ 39. Ke3 Rf3+
40. Kd2 Bb7 41. h4 Rh3 42. h5 Rf3 43. Re7 Bd5 44. Rg1 Bf7 45. Ke2 Rf6 46. Ke1
Kg8 47. Rf1 Re6+ 48. Rxe6 Bxe6 49. Rf4 Bf7 50. Rf5 Kf8 51. Re5 Be8 52. Kf2 Kf7
53. Kg3 Bc6 54. Kf4 Kf6 55. d5 Bd7 56. d6 Bc6 57. Re7 b4 58. cxb4 Bb5 59. Ke3
Ba4 60. Kd4 Bc2 61. Re5 Bf5 62. Rxf5+ 1-0

[Event "SR 4. liga A21 2017/2018"]
[Site "?"]
[Date "2017.11.12"]
[Round "4.5"]
[White "Klimes, Karel"]
[Black "Musaev, Matej Elbek"]
[Result "0-1"]
[WhiteElo "1661"]
[BlackElo "1742"]
[PlyCount "60"]
[EventDate "2017.??.??"]

1. d4 d5 2. c4 e6 3. Nc3 Nf6 4. Bg5 Be7 5. e3 h6 6. Bh4 O-O 7. Nf3 b6 8. cxd5
exd5 9. h3 Bb7 10. Bd3 c5 11. O-O Nbd7 12. Bf5 Ne4 13. Bxe7 Qxe7 14. Bxd7 Qxd7
15. Ne5 Qc7 16. Nb5 Qe7 17. Re1 a6 18. Nc3 Qc7 19. Rc1 Rfd8 20. Qg4 Qe7 21.
Nxe4 dxe4 22. Nc4 cxd4 23. exd4 Qf6 24. Nd2 Qxd4 25. Nxe4 h5 26. Qf4 Re8 27.
Rc7 Bd5 28. Rd7 Rxe4 29. Rxe4 Qxe4 30. Qd6 Qxg2# 0-1

[Event "SR 4. liga A21 2017/2018"]
[Site "?"]
[Date "2017.11.12"]
[Round "4.5"]
[White "Sedlak, Rastislav"]
[Black "Vozarova, Adriana"]
[Result "0-1"]
[WhiteElo "1673"]
[BlackElo "1581"]
[PlyCount "58"]
[EventDate "2017.??.??"]

1. e4 e5 2. Nf3 Nc6 3. Bc4 Nf6 4. Ng5 d5 5. exd5 Na5 6. Bb5+ c6 7. dxc6 bxc6 8.
Be2 h6 9. Nf3 e4 10. Ne5 Qd4 11. Ng4 Be7 12. Nxf6+ Qxf6 13. O-O O-O 14. d4 Qg6
15. Kh1 Nb7 16. Bf4 Nd6 17. d5 cxd5 18. Qxd5 Bb7 19. Qh5 Qe6 20. Nc3 Nc4 21. b3
Nb6 22. Rfd1 Rac8 23. Bg4 f5 24. Be2 Rxc3 25. Rd2 Rfc8 26. Bd1 Nd5 27. Be3 Nxe3
28. fxe3 Rxe3 29. c4 Re1# 0-1

[Event "SR 4. liga A21 2017/2018"]
[Site "?"]
[Date "2017.11.12"]
[Round "4.5"]
[White "Wallner, Juraj"]
[Black "Siska, Kristof"]
[Result "0-1"]
[WhiteElo "1606"]
[BlackElo "1654"]
[PlyCount "96"]
[EventDate "2017.??.??"]

1. e4 c5 2. Nf3 d6 3. d4 cxd4 4. Nxd4 Nf6 5. Nc3 a6 6. Be2 e6 7. Be3 Nbd7 8.
Qd2 Be7 9. O-O-O O-O 10. g4 Qc7 11. g5 Ne8 12. h4 b5 13. h5 b4 14. Nb1 Ne5 15.
b3 Bb7 16. f4 Bxe4 17. fxe5 dxe5 18. Bf3 exd4 19. Bxe4 dxe3 20. Qxe3 Rc8 21.
Nd2 Nd6 22. Bd3 Qc3 23. Ne4 Nxe4 24. Qxe4 Bxg5+ 25. Kb1 g6 26. hxg6 hxg6 27.
Rhg1 Rc5 28. Rdf1 Re5 29. Qf3 Bf6 30. Qxf6 Re1+ 31. Rxe1 Qxf6 32. Ref1 Qe7 33.
Bxa6 Ra8 34. Bb5 Qa7 35. Ba4 Qb6 36. Rg4 e5 37. Kb2 Rd8 38. Rc4 f5 39. Rc6 Qd4+
40. Kb1 Rd6 41. Rc4 Qd2 42. Rc8+ Kg7 43. Rh1 Qe2 44. Kc1 e4 45. Rch8 Qd2+ 46.
Kb1 e3 47. Bb5 e2 48. Re8 Qd1+ 0-1

[Event "SR 4. liga A21 2017/2018"]
[Site "?"]
[Date "2017.11.12"]
[Round "4.5"]
[White "Nedorost, Lubomir"]
[Black "Tomasovic, Roman"]
[Result "1-0"]
[WhiteElo "1630"]
[BlackElo "1589"]
[PlyCount "71"]
[EventDate "2017.??.??"]

1. e4 e5 2. Nc3 Nc6 3. Bc4 Nf6 4. d3 d6 5. f4 Bd7 6. Nf3 Bg4 7. h3 Bxf3 8. Qxf3
Nd4 9. Qf2 a6 10. a4 c6 11. Be3 Qb6 12. Nd1 c5 13. c3 Nc6 14. b4 Qa7 15. O-O b6
16. b5 Na5 17. Ba2 Be7 18. fxe5 dxe5 19. Qg3 O-O-O 20. Qxe5 Rxd3 21. Bxf7 Qc7
22. Qf5+ Kb8 23. e5 Rxe3 24. Nxe3 Nd7 25. Nd5 Qd8 26. e6 Nf6 27. Nxe7 Qxe7 28.
Qg5 Rd8 29. Qxg7 Ne4 30. Qe5+ Nd6 31. Rf4 Ka7 32. Raf1 Nac4 33. Qe2 axb5 34.
axb5 Na5 35. Bh5 Qg7 36. Rf7+ 1-0

[Event "SR 4. liga A21 2017/2018"]
[Site "?"]
[Date "2017.11.12"]
[Round "4.6"]
[White "Miciak, Emanuel"]
[Black "Jarabek, Milan"]
[Result "1-0"]
[WhiteElo "1870"]
[BlackElo "1752"]
[PlyCount "69"]
[EventDate "2017.??.??"]

1. d4 Nf6 2. c4 e5 3. dxe5 Ng4 4. Nf3 Nc6 5. Nc3 Bc5 6. e3 Ngxe5 7. Nxe5 Nxe5
8. Be2 O-O 9. O-O Qh4 10. Na4 Bd6 11. f4 Ng6 12. Nc3 Re8 13. Rf3 b6 14. Nb5 Bc5
15. Nxc7 Bb7 16. Nxa8 Bxa8 17. Rh3 Qxf4 18. Kh1 Nh4 19. Bf3 Nxf3 20. exf4 Re1+
21. Qxe1 Nxe1 22. Rg3 Bf2 23. Bd2 Bxg3 24. hxg3 Nc2 25. Rd1 Bc6 26. Kg1 Nd4 27.
Kf2 Ne6 28. Be3 Nc7 29. b4 d5 30. c5 b5 31. f5 Ne8 32. Bg5 h6 33. Bd8 Nf6 34.
Bxf6 gxf6 35. g4 1-0

[Event "SR 4. liga A21 2017/2018"]
[Site "?"]
[Date "2017.11.12"]
[Round "4.6"]
[White "Celustkova, Lubica"]
[Black "Bajcar, Pavol"]
[Result "1/2-1/2"]
[WhiteElo "1709"]
[BlackElo "1665"]
[PlyCount "48"]
[EventDate "2017.??.??"]

1. e4 e6 2. d4 d5 3. exd5 exd5 4. Bd3 Bd6 5. h3 Nf6 6. Nf3 c6 7. c3 Be6 8. Be3
Qc7 9. Qc2 Nbd7 10. Nbd2 O-O-O 11. O-O-O h6 12. Nh4 Bf4 13. Nf5 Bxf5 14. Bxf5
Rhe8 15. Rde1 Kb8 16. Kb1 Bxe3 17. fxe3 Nh5 18. e4 Ng3 19. Rhg1 Nxf5 20. exf5
Qg3 21. Nf3 Nf6 22. Ne5 Kc8 23. Ref1 Re7 24. Rf3 Qh4 1/2-1/2

[Event "SR 4. liga A21 2017/2018"]
[Site "?"]
[Date "2017.11.12"]
[Round "4.6"]
[White "Podjavorinsky, Peter"]
[Black "Ulehla, Jakub"]
[Result "1/2-1/2"]
[WhiteElo "1679"]
[BlackElo "1703"]
[PlyCount "65"]
[EventDate "2017.??.??"]

1. e4 c5 2. Nf3 Nc6 3. Bc4 g6 4. O-O Bg7 5. c3 d6 6. d4 cxd4 7. cxd4 Nf6 8. Qd3
O-O 9. h3 Bd7 10. Nc3 Rc8 11. a3 a6 12. b4 b5 13. Ba2 Be8 14. Bb2 Nd7 15. Rac1
Nb6 16. Ne2 Na4 17. Ba1 Bd7 18. Nc3 Nb6 19. Ne2 Na4 20. Nd2 Kh8 21. f4 f5 22.
e5 dxe5 23. dxe5 Qb6+ 24. Kh2 Rfd8 25. Qb3 e6 26. Nf3 Ne7 27. Ng5 Rxc1 28. Rxc1
Rc8 29. Rxc8+ Bxc8 30. Nxe6 Bh6 31. Bd4 Qc6 32. Nc5 Nxc5 33. Bxc5 1/2-1/2

[Event "SR 4. liga A21 2017/2018"]
[Site "?"]
[Date "2017.11.12"]
[Round "4.6"]
[White "Trojkova, Michaela"]
[Black "Madzo, Anton"]
[Result "1/2-1/2"]
[WhiteElo "1654"]
[BlackElo "1488"]
[PlyCount "43"]
[EventDate "2017.??.??"]

1. e4 e5 2. Nf3 d6 3. d4 exd4 4. Qxd4 Nc6 5. Bb5 Bd7 6. Bxc6 Bxc6 7. Nc3 f6 8.
Be3 Ne7 9. Nd5 Ng6 10. O-O-O Be7 11. h4 Ne5 12. Nxe7 Qxe7 13. Nxe5 Qxe5 14.
Qxe5+ fxe5 15. f3 a5 16. Rd3 O-O 17. c4 b6 18. Rd2 Rf7 19. Kb1 Rb8 20. a3 a4
21. Ka1 Bd7 22. Rc2 1/2-1/2

[Event "SR 4. liga A21 2017/2018"]
[Site "?"]
[Date "2017.11.12"]
[Round "4.6"]
[White "Ocko, Martin"]
[Black "Podjavorinsky, Michal"]
[Result "1/2-1/2"]
[WhiteElo "1989"]
[BlackElo "1885"]
[PlyCount "57"]
[EventDate "2017.??.??"]

1. Nf3 Nf6 2. g3 g6 3. Bg2 Bg7 4. O-O O-O 5. d4 d6 6. b3 Bg4 7. Bb2 Qc8 8. Nbd2
Bh3 9. e4 Bxg2 10. Kxg2 Nbd7 11. c4 c6 12. Rc1 Qc7 13. Re1 e5 14. c5 dxc5 15.
dxc5 Bh6 16. Qc2 Bxd2 17. Qxd2 Rad8 18. Qg5 Rfe8 19. b4 Kg7 20. Nh4 Kh8 21. f4
Ng8 22. fxe5 Nxe5 23. Nf3 f6 24. Nxe5 fxe5 25. Rcd1 Rxd1 26. Rxd1 Kg7 27. Rd6
Qe7 28. Qd2 Nf6 29. Qe2 1/2-1/2

[Event "SR 4. liga A21 2017/2018"]
[Site "?"]
[Date "2017.11.26"]
[Round "5.1"]
[White "Miciak, Emanuel"]
[Black "Koutny, Petr"]
[Result "0-1"]
[WhiteElo "1870"]
[BlackElo "2181"]
[PlyCount "72"]
[EventDate "2017.??.??"]

1. d4 Nf6 2. c4 g6 3. Nc3 d5 4. cxd5 Nxd5 5. e4 Nxc3 6. bxc3 Bg7 7. Bc4 O-O 8.
Ne2 c5 9. O-O Nc6 10. Be3 Na5 11. Bd3 b6 12. Qd2 cxd4 13. cxd4 Bb7 14. Rac1 e6
15. h4 Qd7 16. Rfd1 Rac8 17. h5 Rxc1 18. Rxc1 Rc8 19. Rxc8+ Qxc8 20. h6 Bf8 21.
Qc1 Nc6 22. a3 Na5 23. Qxc8 Bxc8 24. a4 f6 25. e5 f5 26. Nc3 Kf7 27. Nb5 Ba6
28. f3 Nc6 29. Bc4 Nb4 30. Bb3 Bxb5 31. axb5 Be7 32. g4 fxg4 33. fxg4 Nd5 34.
Bd2 Bb4 35. Bg5 Bc3 36. Bxd5 Bxd4+ 0-1

[Event "SR 4. liga A21 2017/2018"]
[Site "?"]
[Date "2017.11.26"]
[Round "5.1"]
[White "Hrubsa, Marian"]
[Black "Lajda, Dusan"]
[Result "1-0"]
[WhiteElo "1924"]
[BlackElo "1779"]
[PlyCount "79"]
[EventDate "2017.??.??"]

1. e4 c5 2. Nf3 d6 3. d4 cxd4 4. Nxd4 Nc6 5. Nc3 g6 6. Be3 Bg7 7. Qd2 Bd7 8.
Be2 Nf6 9. f3 O-O 10. O-O a6 11. Rad1 Rc8 12. Nb3 b5 13. a3 Ne5 14. Qc1 Nc4 15.
Bd4 Ne8 16. Nd5 Bxd4+ 17. Nxd4 e6 18. Nb4 a5 19. Na2 Qb6 20. Kh1 e5 21. Bxc4
Rxc4 22. Ne2 b4 23. axb4 axb4 24. b3 Rc8 25. Qd2 Rb8 26. Nac1 Be6 27. Nd3 f5
28. Ra1 fxe4 29. fxe4 Nf6 30. Ng3 Qd4 31. Rae1 d5 32. exd5 Bxd5 33. Rxe5 Ne4
34. Qe1 Nxg3+ 35. hxg3 Rxf1+ 36. Qxf1 Be4 37. Qf6 Qa1+ 38. Kh2 Bxg2 39. Re8+
Rxe8 40. Qxa1 1-0

[Event "SR 4. liga A21 2017/2018"]
[Site "?"]
[Date "2017.11.26"]
[Round "5.1"]
[White "Podjavorinsky, Peter"]
[Black "Vepy, Ivan"]
[Result "0-1"]
[WhiteElo "1679"]
[BlackElo "1844"]
[PlyCount "96"]
[EventDate "2017.??.??"]

1. e4 e5 2. Nf3 Nc6 3. d4 exd4 4. Bc4 Be7 5. e5 Na5 6. Qxd4 Nxc4 7. Qxc4 d6 8.
O-O Be6 9. Qb5+ Bd7 10. Qxb7 a5 11. exd6 cxd6 12. Re1 Nf6 13. Rxe7+ Kxe7 14.
Bg5 Re8 15. Nc3 Kf8 16. Nd5 Qb8 17. Qxb8 Raxb8 18. Bxf6 gxf6 19. Nxf6 Re7 20.
Nxd7+ Rxd7 21. b3 a4 22. bxa4 Rb2 23. Nd4 Ra7 24. Nf5 d5 25. g3 Rab7 26. Rd1
Rb1 27. Rxb1 Rxb1+ 28. Kg2 Ra1 29. Ne3 Rxa2 30. Nxd5 Rxc2 31. h4 Ra2 32. Nf6
Kg7 33. Ne8+ Kg6 34. Nc7 Rxa4 35. Nd5 Kf5 36. Ne3+ Ke4 37. Ng4 Ra6 38. Nh2 f5
39. Nf3 h6 40. Nd2+ Kd3 41. Nf3 f4 42. Ne1+ Ke2 43. Nf3 fxg3 44. Ng1+ Kd3 45.
fxg3 Ke3 46. g4 Kf4 47. g5 h5 48. Ne2+ Kg4 0-1

[Event "SR 4. liga A21 2017/2018"]
[Site "?"]
[Date "2017.11.26"]
[Round "5.1"]
[White "Planka, Peter"]
[Black "Smrek, Peter"]
[Result "0-1"]
[WhiteElo "1806"]
[BlackElo "1712"]
[PlyCount "86"]
[EventDate "2017.??.??"]

1. e4 c5 2. Nf3 Nc6 3. d4 cxd4 4. Nxd4 d6 5. Be2 g6 6. O-O Bg7 7. Be3 Nf6 8.
Nc3 a6 9. Qd2 Ng4 10. Bxg4 Bxg4 11. Nxc6 bxc6 12. Bh6 O-O 13. Bxg7 Kxg7 14. Na4
Qc7 15. c4 f6 16. Rac1 Rad8 17. Rfe1 Be6 18. b3 Bf7 19. Re3 e6 20. Rh3 g5 21.
Nc3 Qa5 22. Rd3 d5 23. cxd5 exd5 24. exd5 cxd5 25. Rd1 Rfe8 26. h3 Re5 27. Ne2
Qb6 28. Nd4 Rc8 29. Rc1 Rxc1+ 30. Qxc1 Qa5 31. Nf3 Re2 32. Rd2 Rxd2 33. Qxd2
Qxd2 34. Nxd2 f5 35. Nf3 Kf6 36. Kf1 g4 37. hxg4 fxg4 38. Ne1 Bg6 39. Ke2 Ke5
40. Ke3 d4+ 41. Kd2 h5 42. Nd3+ Bxd3 43. Kxd3 h4 0-1

[Event "SR 4. liga A21 2017/2018"]
[Site "?"]
[Date "2017.11.26"]
[Round "5.1"]
[White "Lanyi, Frantisek"]
[Black "Bartos, Bohumil"]
[Result "1/2-1/2"]
[WhiteElo "1686"]
[BlackElo "1594"]
[PlyCount "30"]
[EventDate "2017.??.??"]

1. d4 d5 2. c4 c6 3. Nc3 Nf6 4. Nf3 e6 5. Bg5 Nbd7 6. e4 Qa5 7. exd5 cxd5 8.
Bd2 Bb4 9. Bd3 dxc4 10. Bxc4 Bxc3 11. Bxc3 Qc7 12. Qe2 O-O 13. O-O b6 14. Rac1
Bb7 15. Bb4 Rfc8 1/2-1/2

[Event "SR 4. liga A21 2017/2018"]
[Site "?"]
[Date "2017.11.26"]
[Round "5.2"]
[White "Valigursky, Michal"]
[Black "Trojkova, Michaela"]
[Result "1/2-1/2"]
[WhiteElo "1702"]
[BlackElo "1654"]
[PlyCount "38"]
[EventDate "2017.??.??"]

1. e4 d5 2. exd5 Qxd5 3. Nc3 Qa5 4. d4 c6 5. Nf3 Nf6 6. Bd3 e6 7. O-O Be7 8.
Ne4 Nbd7 9. Nxf6+ Nxf6 10. Re1 O-O 11. Ne5 Rd8 12. c3 c5 13. Bg5 h6 14. Bxf6
Bxf6 15. Qh5 Bxe5 16. Rxe5 Qb6 17. b3 cxd4 18. c4 Bd7 19. Rd1 Bc6 1/2-1/2

[Event "SR 4. liga A21 2017/2018"]
[Site "?"]
[Date "2017.11.26"]
[Round "5.2"]
[White "Buran, Andrej"]
[Black "Klimes, Karel"]
[Result "1/2-1/2"]
[WhiteElo "1614"]
[BlackElo "1661"]
[PlyCount "38"]
[EventDate "2017.??.??"]

1. e4 e6 2. d4 d5 3. e5 c5 4. c3 Nc6 5. Be3 Qb6 6. b3 cxd4 7. cxd4 Nge7 8. Nf3
Nf5 9. a3 Be7 10. Be2 O-O 11. O-O f6 12. Nc3 Nxe3 13. fxe3 fxe5 14. Na4 Qc7 15.
dxe5 Nxe5 16. Rc1 Qd6 17. Nd4 Rxf1+ 18. Qxf1 Bd7 19. Nc5 Rf8 1/2-1/2

[Event "SR 4. liga A21 2017/2018"]
[Site "?"]
[Date "2017.11.26"]
[Round "5.2"]
[White "Vozarova, Adriana"]
[Black "Drozd, Jan"]
[Result "1/2-1/2"]
[WhiteElo "1581"]
[BlackElo "1536"]
[PlyCount "37"]
[EventDate "2017.??.??"]

1. e4 c5 2. Nf3 Nc6 3. d4 cxd4 4. Nxd4 e5 5. Nb3 Nf6 6. Nc3 Bb4 7. Bg5 h6 8.
Bxf6 Qxf6 9. Bc4 O-O 10. O-O Bxc3 11. bxc3 d6 12. Bd5 Ne7 13. c4 Rb8 14. c5
Nxd5 15. exd5 Qg6 16. Re1 Bf5 17. Rc1 Rbc8 18. c4 dxc5 19. Rxe5 1/2-1/2

[Event "SR 4. liga A21 2017/2018"]
[Site "?"]
[Date "2017.11.26"]
[Round "5.3"]
[White "Moravec, Milan"]
[Black "Curidlo, Jan"]
[Result "1/2-1/2"]
[WhiteElo "1660"]
[BlackElo "1864"]
[PlyCount "59"]
[EventDate "2017.??.??"]

1. d4 Nf6 2. c4 e6 3. Nc3 d5 4. Bg5 Be7 5. e3 c6 6. Nf3 a6 7. Bd3 dxc4 8. Bxc4
O-O 9. O-O h6 10. Bh4 Nbd7 11. Rc1 b5 12. Bd3 Bb7 13. Ne4 Rc8 14. Nxf6+ Nxf6
15. Bxf6 Bxf6 16. Be4 Qa5 17. a3 Rfd8 18. Qb3 Qb6 19. Rc2 Rc7 20. Rfc1 Rdc8 21.
Ne5 Bxe5 22. dxe5 c5 23. Bxb7 Qxb7 24. Rd2 Qe4 25. f4 c4 26. Qc3 Rc5 27. Rd6
Rd5 28. Rd1 Rcc5 29. R6xd5 Rxd5 30. Rxd5 1/2-1/2

[Event "SR 4. liga A21 2017/2018"]
[Site "?"]
[Date "2017.11.26"]
[Round "5.3"]
[White "Musaev, Urmat"]
[Black "Cerovsky, Marian"]
[Result "1-0"]
[WhiteElo "1794"]
[BlackElo "1795"]
[PlyCount "65"]
[EventDate "2017.??.??"]

1. e4 e5 2. Nf3 Nc6 3. Bc4 h6 4. c3 Nf6 5. d3 Bc5 6. Be3 Bxe3 7. fxe3 Ng4 8.
Qe2 d6 9. d4 O-O 10. Nbd2 a6 11. h3 Nf6 12. g4 Nh7 13. O-O-O exd4 14. exd4 Na5
15. Bd3 b5 16. Rde1 f6 17. e5 Bb7 18. e6 Re8 19. h4 Nf8 20. g5 hxg5 21. hxg5
Rxe6 22. Qh2 Kf7 23. Ref1 Ke8 24. Qh5+ g6 25. Bxg6+ Nxg6 26. Qxg6+ Kd7 27. Rh7+
Kc6 28. d5+ Kxd5 29. Qd3+ Kc5 30. b4+ Kb6 31. bxa5+ Kxa5 32. g6 Be4 33. Nxe4
1-0

[Event "SR 4. liga A21 2017/2018"]
[Site "?"]
[Date "2017.11.26"]
[Round "5.3"]
[White "Damborsky, Pavol"]
[Black "Musaev, Matej Elbek"]
[Result "0-1"]
[WhiteElo "1637"]
[BlackElo "1742"]
[PlyCount "80"]
[EventDate "2017.??.??"]

1. e4 c5 2. Bc4 d6 3. Nf3 Nf6 4. Nc3 e6 5. a3 a6 6. d3 b5 7. Ba2 Be7 8. Bg5 h6
9. Bd2 Bb7 10. O-O d5 11. exd5 exd5 12. Re1 O-O 13. Bf4 Nbd7 14. h3 d4 15. Ne4
Nxe4 16. dxe4 Nf6 17. Nd2 c4 18. f3 Bc5 19. Kh1 Bc8 20. Nf1 Nh5 21. Bh2 Qg5 22.
Qd2 Qg6 23. b4 Bb6 24. Rad1 Be6 25. Be5 c3 26. Qd3 Bxa2 27. Bxd4 Bc4 28. Qxc3
Bxd4 29. Qxd4 Bxf1 30. Rxf1 Ng3+ 31. Kh2 Nxf1+ 32. Rxf1 Rfd8 33. Qe3 Rac8 34.
Rf2 Qd6+ 35. f4 Qd4 36. Qe2 Rc3 37. Rf3 Rxf3 38. Qxf3 Rc8 39. Qd3 Qxd3 40. cxd3
Rd8 0-1

[Event "SR 4. liga A21 2017/2018"]
[Site "?"]
[Date "2017.11.26"]
[Round "5.3"]
[White "Sedlak, Rastislav"]
[Black "Pisecky, Jan"]
[Result "1-0"]
[WhiteElo "1673"]
[BlackElo "1322"]
[PlyCount "73"]
[EventDate "2017.??.??"]

1. e4 e5 2. Nf3 d6 3. Bc4 h6 4. O-O a6 5. Nc3 c6 6. d4 b5 7. Be2 exd4 8. Qxd4
Be6 9. Bf4 c5 10. Qd2 g5 11. Bg3 b4 12. Nd5 Nc6 13. Rfd1 f5 14. exf5 Bxf5 15.
Ne3 Be4 16. Bxd6 Bxd6 17. Qxd6 Qxd6 18. Rxd6 Nge7 19. Rad1 Bxf3 20. Bxf3 Rc8
21. Bxc6+ Nxc6 22. Re6+ Kf7 23. Rdd6 Nd4 24. Rxh6 Rhe8 25. Rxa6 Nxc2 26. Ra7+
Kg8 27. Nxc2 Re2 28. h3 Rxc2 29. b3 Re8 30. Rg6+ Kf8 31. Rxg5 Re1+ 32. Kh2 Rxf2
33. Rxc5 Re7 34. Rc8+ Kf7 35. Rxe7+ Kxe7 36. Rc4 Rxa2 37. Rxb4 1-0

[Event "SR 4. liga A21 2017/2018"]
[Site "?"]
[Date "2017.11.26"]
[Round "5.3"]
[White "Blanarik, Dominik"]
[Black "Siska, Kristof"]
[Result "0-1"]
[WhiteElo "1514"]
[BlackElo "1654"]
[PlyCount "80"]
[EventDate "2017.??.??"]

1. e4 c5 2. Nf3 d6 3. d4 cxd4 4. Nxd4 Nf6 5. Nc3 a6 6. Bg5 e6 7. Bd3 Nbd7 8.
O-O Qa5 9. f4 Qc5 10. Be2 e5 11. fxe5 dxe5 12. Na4 Qxd4+ 13. Qxd4 exd4 14. Bd3
b5 15. e5 Nd5 16. c4 Nb4 17. Be4 Ra7 18. a3 bxa4 19. axb4 Nxe5 20. Rxa4 Be7 21.
Bxe7 Rxe7 22. b5 O-O 23. bxa6 Ra7 24. c5 Rd8 25. Rd1 d3 26. b4 Rxa6 27. Rxa6
Bxa6 28. Kf2 g6 29. h3 f5 30. Bf3 Nxf3 31. Kxf3 d2 32. Ke3 f4+ 33. Kf2 Bc4 34.
c6 Rc8 35. Rxd2 Rxc6 36. Kf3 Rb6 37. Rb2 g5 38. Kg4 h6 39. Kf3 Re6 40. b5 Rb6
0-1